| 000 | 00446nam a2200169Ia 4500 | ||
|---|---|---|---|
| 008 | 210719s1970 xx 000 0 und d | ||
| 041 | _aeng | ||
| 082 | _a658.8 BUCV | ||
| 100 | _aBUCKLIN (Louis P) Ed. | ||
| 245 | _aVertical marketing systems | ||
| 260 |
_aGlenview _bScott, Foresman & Co. _c1970 |
||
| 300 |
_a218 _bPB |
||
| 365 | _cRs | ||
| 650 | _aManagement | ||
| 650 | _aMarketing Management | ||
| 906 | _amarketing ; systems ; Vertical | ||
| 999 |
_c212423 _d212423 |
||